La filmographie de Patrick Dewaere - Statistiques

Statistiques générales
  • Ce quiz a été pris 55 fois
  • Le résultat moyen est 17 sur 32
Statistiques - réponses
Année Réalisateur Rôle Film % Correct
1976 Claude Miller Marc La meilleure {façon} de marcher
97%
1978 Bertrand Blier Stéphane Préparez vos {mouchoirs}
97%
1979 Alain Corneau Franck Poupart Série {noire}
97%
1974 Bertrand Blier Pierrot Les {Valseuses}
94%
1975 Pierre Granier-Deferre inspecteur Lefèvre Adieu {poulet}
92%
1981 Bertrand Blier Rémi Bachelier Beau-{père}
92%
1979 Jean-Jacques Annaud François Perrin Coup de {tête}
92%
1980 Claude Sautet Bruno Calgagni Un mauvais {fils}
92%
1977 Yves Boisset Jean-Marie Fayard Le {juge} Fayard dit "le Shériff
89%
1976 Maurice Dugowson André Fragman F... comme {Fairbanks}
86%
1971 Jean-Paul Rappeneau un volontaire Les mariés de l'{an} II
86%
1982 Henri Verneuil Paul Kerjean Mille {milliards} de dollars
83%
1976 Marco Bellochio lieutenant Baio La {marche} triomphale
78%
1978 Yves Boisset Philippe La {clé} sur la porte
75%
1981 André Téchiné Gilles Tisserand Hôtel des {Amériques}
72%
1982 Alain Jessua Alain Durieux Paradis pour {tous}
67%
1981 Luc Béraud Serge Laine Plein {sud}
47%
1975 Maurice Dugowson Gaston Lily {aime}-moi
44%
1979 Luigi Comencini L'homme aux monologues Le grand {embouteillage}
36%
1979 Didier Haudepin Pocapena {Paco} l'infaillible
28%
1977 Dino Risi Marco Maffei La {chambre} de l'évêque
25%
1980 Philippe de Broca Marc {Psy}
25%
1975 Michel Boisrond François de Charnison Catherine et {Compagnie}
22%
1975 Georges Lautner le barman Pas de {problème} !
22%
1975 Sotha Sébastien Au long de {rivière} Fango
19%
1958 * Robert Darène le frère de Mimi Mimi {Pinson}
17%
1973 Claude Faraldo un maçon / un policier {Themroc}
14%
1957 * Gene Kelly un enfant La route {joyeuse}
8%
1957 * Henri-Georges Clouzot Moinet Les {Espions}
8%
1956 * Victor Vicas le petit garçon Je reviendrai à {Kandara}
6%
1955 * Jean Boyer un enfant La {Madelon}
6%
1981 Sotha le voisin Les matous sont {romantiques}
6%
Aucun quiz correspondant
Distribution des résultats
% des personnes avec chaque résultat
Percentile par nombre de réponses
Votre historique - résultats
Vous n’avez pas pris ce quiz